000 00601cam a2200205 a 4500
001 000018091
005 20200929165341.0
008 830714s1936 nyu 000 0 eng d
040 _aDO-SdBNP
_beng
_cLC
_dBNPHU
050 0 0 _aBJ1159
_b.B717 1936e
082 _ann*
_bB817w
100 1 _aBrande, Dorothea,
_d1893-1948.
_939216
245 1 0 _aWake up and live! /
_cDorothea Brande.
260 _aNew York :
_bSimon and Schuster,
_c1936.
300 _a197, [5] p. ;
_c19 cm.
650 0 _aConduct of life.
_932207
650 0 _aSuccess.
_939217
910 _aCatalogación por copia / LC
049 _aBNGR
999 _c17613
_d17613